000 00315nam a22001337a 4500
003 SGT
082 _a617.643
_bI19S
100 _aSINGH, ABHISHEK
245 _aIMPLANT IN COMPROMISED RIDGES
260 _aDELHI NCR
_bSGT UNIVERSITY GURUGRAM
_c2019
300 _a1-173
650 _aORAL SURGERY
942 _2ddc
_cTH
999 _c18465
_d18465